Self-interest before Adam Smith : a genealogy of economic science

Αποθηκεύτηκε σε:
Λεπτομέρειες βιβλιογραφικής εγγραφής
Κύριος συγγραφέας: Force, Pierre
Μορφή: Βιβλίο
Γλώσσα:English
Δημοσίευση: Cambridge : Cambridge University Press, 2007.
Σειρά:Ideas in context
Θέματα:
Ετικέτες: Προσθήκη ετικέτας
Δεν υπάρχουν, Καταχωρήστε ετικέτα πρώτοι!

MARC

LEADER 00000cam a2200000 a 4500
001 1/106488
008 150525r20072003xxk| ||| |||| ||eng||
020 |a 970521036191 
020 |a 0521036194 
040 |a GR-MyUa  |b gre  |c GR-MyUa  |e AACR2 
041 0 |a eng 
082 7 |a 330.15   |2 (23)  
100 1 |a Force, Pierre. 
245 1 0 |a Self-interest before Adam Smith :   |b a genealogy of economic science /   |c Pierre Force.  
260 |a Cambridge :   |b Cambridge University Press,   |c 2007.  
300 |a ix, 279 σ. ;   |c 24 εκ.  
490 1 |a (Ideas in context ;   |v 68)  
504 |a Περιλαμβάνει βιβλιογραφία και ευρετήριο.  
650 0 |a Economics  |x History. 
830 0 |a Ideas in context 
852 |a INST  |b LESVOS  |e 20150525  |h 330.15 FOR  |p 005100056650  |q 005100056650  |t BK  |y 0 
970 |a Τζαφέρη  |b Ευαγγελία  |z 23-05-2015